00494nam a2200133 a 450000100100000000500170001000800410002704000250006824500640009326000450015730000350020295201060023799900170034300003812420201002031159.0130314s1976 dr ac 000 0 spa d aDO-SdBNPbspacBNPHU00aPueblo de la Romana ofrece homenaje al dr. Teobaldo Rosell. aLa Romana :bImpresora Margarita,c1976. a49 p. :bils., retr. ;c22 cm. 00107-18PDaPDbPDcOId2013-03-14iLF1l0o p38124-10r2020-06-25w2020-06-25yLFPDZNo se presta c37614d37614